Handbook of Christian Theology (Record no. 1992)

MARC details
000 -LEADER
fixed length control field 00571nam a2200229 a 4500
020 ## - INTERNATIONAL STANDARD BOOK NUMBER
ISBN
082 00 - DEWEY DECIMAL CLASSIFICATION NUMBER
Classification number 230
Author Cutter HAL1
100 ## - MAIN ENTRY--AUTHOR NAME
Author name Halverson,
245 ## - TITLE STATEMENT
Title Handbook of Christian Theology
Sub title Essential Information for Every Christian.
260 ## - PUBLICATION, DISTRIBUTION, ETC. (IMPRINT)
Place of publication Collins
Name of publisher Fantana Books
Year of publication 1958
300 ## - PHYSICAL DESCRIPTION
Number of Pages 382p
500 ## - GENERAL NOTE
General note includes index and biblioraphy
505 2# - FORMATTED CONTENTS NOTE
Formatted contents note notes
650 ## - SUBJECT ADDED ENTRY--TOPICAL TERM
Topical Term Theology
942 ## - ADDED ENTRY ELEMENTS (KOHA)
Koha item type Books
Holdings
Collection code Home library Current library Date acquired Cost, normal purchase price Full call number Accession Number Koha item type
  Henry Martyn Institute Library Henry Martyn Institute Library 06/22/2007 5.00 230 HAL1 02594 Books
                   Copyright © 2026 | Henry Martyn Institute | Hyderabad | TS-500052 | INDIA | Implemented by hmi.edu.in
Hit-Count:

Powered by Koha